| 000 | 00580nam a2200193Ia 4500 | ||
|---|---|---|---|
| 005 | 20250508161708.0 | ||
| 008 | 008 250505s9999 xx 000 0 eng d | ||
| 037 | _aTextual | ||
| 040 |
_aFEDL _beng _cFEDL |
||
| 041 |
_aeng _2eng |
||
| 084 |
_a375, FRO _qFEDL |
||
| 100 |
_aFrost Joy L _9771371 |
||
| 245 | 0 | _aCurricular for the seventies: Early childhood through early adolescence | |
| 260 |
_aNew York, USA _bHoughton Mifflin Company _c1969 |
||
| 300 | _a454p. | ||
| 700 |
_a Rowland G Thomas _9771372 |
||
| 942 |
_cTEXL _h375, FRO |
||
| 999 |
_c1371596 _d1371596 |
||